Kultúrna politika verzus ne-politika Európskej únie diplomová práca

Gespeichert in:
Bibliographische Detailangaben
1. Verfasser: Naderer, Alexandra Susanne
Körperschaft: Fakulta medzinárodných vzťahov EU. Katedra medzinárodných politických vzťahov
Weitere Verfasser: Zágoršeková, Marta
Format: Buch
Sprache:Slowakisch
Veröffentlicht: Bratislava 2018
Tags: Tag hinzufügen
Keine Tags, Fügen Sie das erste Tag hinzu!

MARC

LEADER 00000nbm a2200000 4500
001 0244473
005 20180807080234.6
041 0 |a slo 
044 |a SK 
245 1 0 |a Kultúrna politika verzus ne-politika Európskej únie  |b diplomová práca  |c Alexandra Susanne Naderer ; školiteľ: Marta Zágoršeková 
264 1 |a Bratislava  |c 2018 
300 |a 68 s. 
100 1 |a Naderer, Alexandra Susanne 
700 1 |a Zágoršeková, Marta 
710 2 |a Fakulta medzinárodných vzťahov EU. Katedra medzinárodných politických vzťahov